000 00735cab a2200241 4500
001 WB2611-11
008 090401t1990 xxu||||| |||| 00| 0 eng d
035 _a(Sirsi) u9666
041 _aeng
245 _a£32bn bank loan for property developers
260 _c1990
350 _a0
490 _aFinancial Times
_v9/3/90 p16(2)
520 _aProperty developers are facing difficulty in repaying the large bank loans with fewer private and institutional buyers so that banks are having to refinance loans.
650 _aBONDS
650 _aFINANCE
650 _aPROPERTY FUTURES
650 _aPROPERTY
650 _aUNIT TRUSTS
690 _aPROPERTY-PROPERTY FINANCE AND INVESTMENT
942 _n0
948 _c04/03/1997
999 _c6069
_d6069